[Event "Moscow Open-F 2019"]
[Site "Moscow"]
[Date "2019.01.27"]
[Round "3"]
[White "Sarana, Alexey"]
[Black "Fotin, Vladimir"]
[Result "1-0"]
[WhiteElo "2630"]
[BlackElo "2341"]
[Annotator "TA"]
[PlyCount "82"]
[EventDate "2019.01.26"]
[EventType "swiss"]
[EventCountry "RUS"]
[SourceTitle "playchess.com"]
[Source "ChessBase"]
[SourceQuality "1"]

{[%evp 18,82,6,0,0,-2,13,12,32,22,48,41,68,95,74,42,69,77,113,67,90,75,81,60,75,0,0,-41,-7,-114,-29,-5,-10,-75,-78,-65,-79,-76,-79,-94,-31,-56,-49,-66,-16,-38,0,-10,-4,-47,-45,-63,-51,-60,0,0,0,-68,0,-429,0,-74,-2,-2,0,0,130]} 1. Nf3 Nf6 2. c4 e6 3. d4 Bb4+ 4. Nbd2 a5 5. a3 Be7 6. e4 {E11: Bogo-Indian} d6 (6... d5 7. e5 Nfd7 8. Bd3 c5 9. O-O Nc6 10. Re1 cxd4 11. Nb3 O-O 12. cxd5 exd5 {½-½ (32) Vitiugov,N (2726)-Bauer,C (2629) Batumi 2018}) 7. b3 e5 8. Bb2 $146 ({Predecessor:} 8. dxe5 dxe5 9. Bb2 Nc6 10. Nxe5 Nxe5 11. Bxe5 O-O {½-½ (25) Cernousek,L (2494)-Cvek,R (2525) Czech Republic 2017}) 8... exd4 9. Nxd4 O-O 10. Be2 {LiveBook: 5 Games} Re8 11. O-O Bf8 12. Qc2 Na6 13. f4 Nc5 {[%cal Rc5e4]} 14. Bf3 c6 15. Rae1 Ne6 16. Ne2 Rb8 17. Kh1 g6 18. e5 dxe5 19. fxe5 Nd7 20. Ne4 Bg7 $1 21. Rd1 (21. Nd6 $16) 21... Qc7 $11 22. Nd6 Re7 23. Qe4 (23. c5 $11) 23... Ng5 (23... Nxe5 $1 $17 24. Qc2 (24. Bxe5 Ng5 $17) 24... b6) 24. Qh4 (24. Nxc8 Rxc8 25. Qg4 Nxf3 $17) 24... Nxe5 25. Qxg5 (25. Bh5 $1 $11 f6 26. Nf4) 25... Nxf3 $17 {[%mdl 64] Discovered Attack} 26. Rxf3 {And now Bxg7 would win.} Bxb2 27. Ng3 Bg7 ({Reject} 27... Bxa3 $6 28. Ndf5 $14) 28. Nge4 h6 (28... Be6 $17 29. Qh4 h5) 29. Qh4 Be6 30. Nf6+ Kh8 (30... Bxf6 $5 31. Rxf6 Rd8 $17) 31. Re3 b6 32. h3 Rd8 $36 {[%mdl 2048] Black is pushing.} 33. Red3 {Black must now prevent Nxf7+!} Rf8 34. Qf2 Bc8 35. Rf3 Rd8 (35... b5 $15) 36. Qd2 ({Better is} 36. Rfd3 $11 Rf8 37. Nxc8 Qxc8 38. Rd6) 36... Rf8 $15 37. Qf2 {[#]} Rd8 (37... b5 $1 $15 {[%mdl 512]}) 38. Qg3 $2 {[%mdl 8192] [#]} (38. Qd2 $11 {and White is okay.} Rf8 39. Qf2) 38... Rf8 $2 ({Black should play} 38... Bf5 $1 $19 {[%mdl 512]} 39. Nfe4 (39. Nxf5 Rxd1+) 39... Rdd7 40. Nxf7+ Rxf7 41. Rxd7 Rxd7 42. Qxc7 Rxc7) 39. Rdf1 (39. Qf2 $1 $11 {keeps the balance.}) 39... Re6 (39... Ba6 $17) 40. Nfe8 $1 $11 {[%cal Re8c7]} Rexe8 41. Rxf7 Qd8 {Accuracy: White = 34%, Black = 33%.} ({Wrong is} 41... Re1 $2 42. Rxf8+ (42. Rxc7 $2 {is a self mate.} Rfxf1+ 43. Kh2 Rh1#) 42... Bxf8 43. Rxe1 $18) (41... Be6 $11 42. Rxc7 Rxf1+ 43. Kh2 Bd4 44. Qxg6 Bg1+ 45. Kg3 Bf2+ 46. Kh2 Bg1+ 47. Kg3 Bf2+ 48. Kh2 Bg1+) 1-0

[Event "Moscow Open-F 2019"]
[Site "Moscow"]
[Date "2019.01.27"]
[Round "3"]
[White "Mokshanov, Alexey"]
[Black "Derevianchenko, Ilia"]
[Result "1-0"]
[WhiteElo "2442"]
[BlackElo "2339"]
[Annotator "TA"]
[PlyCount "75"]
[EventDate "2019.01.26"]
[EventType "swiss"]
[EventCountry "RUS"]
[SourceTitle "playchess.com"]
[Source "ChessBase"]
[SourceQuality "1"]

{[%evp 9,75,31,87,78,78,87,104,90,104,106,120,114,116,106,122,128,152,164,203,189,285,278,415,276,270,244,328,291,283,280,287,305,287,287,290,297,286,286,518,531,525,521,531,523,505,439,469,461,450,421,539,533,520,529,682,691,702,694,662,653,985,952,1009,943,1287,1261,1187,1170]} 1. e4 c5 2. Nf3 e6 3. c3 d6 4. d4 Nf6 5. dxc5 dxc5 ({Better is} 5... d5 $14) 6. Qxd8+ $16 {B40: Sicilian: 2...e6, Unusual lines} Kxd8 7. Ne5 Ke7 $146 ({Predecessor:} 7... Ke8 8. f3 Bd6 9. Nc4 Bc7 10. Be3 Nbd7 11. a4 b6 12. Nba3 a6 {1-0 (49) Doncea,V (2456)-Sandu,M (2271) Avoine 2007}) 8. f3 {White is better.} Nbd7 9. Nc4 b6 10. a4 Ne8 11. Bf4 f6 12. Nba3 {[%cal Bb1a3,Ba3b5,Bb5a7,Ba7c6][%mdl 32]} e5 13. Be3 Rb8 14. Nb5 a6 (14... Rb7 $142 15. O-O-O Nb8) 15. Na7 $18 Ke6 (15... Bb7 $142 16. O-O-O g6) 16. Nc6 Ra8 {Black wants to play ...Bb7.} 17. Rd1 g6 18. Nxb6 ({Don't do} 18. Nd8+ Ke7 $18) 18... Nxb6 19. Nd8+ Ke7 20. Bxc5+ {[%mdl 64] [#] Double Attack} Nd6 21. Bxd6+ Ke8 22. Bxf8 Rxf8 23. b3 f5 $2 (23... Bd7) 24. a5 {White is clearly winning.} Bd7 25. Nb7 Nc8 26. Nc5 Bb5 27. Ne6 Rf7 28. exf5 gxf5 29. Kf2 Rb8 30. b4 Na7 31. Nc5 Rf6 32. Bxb5+ Rxb5 33. Rhe1 Nc6 34. Nxa6 {Hoping for Nc7+.} Kf7 35. Nc7 Rb8 36. Rd7+ Kg6 37. Nd5 Re6 {[#]} 38. Nf4+ $1 {[%mdl 576] Double Attack, Pin. Accuracy: White = 82%, Black = 31%.} 1-0

[Event "Moscow Open-F 2019"]
[Site "Moscow"]
[Date "2019.01.27"]
[Round "3"]
[White "Chernyavsky, Alexander"]
[Black "Ivlev, Aleksey"]
[Result "0-1"]
[WhiteElo "2357"]
[BlackElo "2326"]
[Annotator "TA"]
[PlyCount "80"]
[EventDate "2019.01.26"]
[EventType "swiss"]
[EventCountry "RUS"]
[SourceTitle "playchess.com"]
[Source "ChessBase"]
[SourceQuality "1"]

{[%evp 15,80,10,9,-100,-100,-100,-93,-90,-96,-100,-102,-97,-92,-99,-101,-110,-101,-212,-212,-212,-213,-212,-212,-215,-212,-422,-412,-469,-468,-471,-473,-475,-473,-484,-474,-475,-472,-551,-529,-538,-540,-528,-516,-457,-432,-566,-534,-897,-788,-1172,-1129,-1158,-1127,-1201,-918,-1345,-1156,-2027,-1951,-3185,-2942,-3403,-3245,-29980,-29981,-5306,-3162]} 1. Nf3 Nf6 2. d4 d5 3. b3 g6 4. Bb2 Bg7 5. e3 O-O 6. Nbd2 Nbd7 7. Bd3 c5 8. O-O b6 {LiveBook: 12 Games. D04: Colle System} (8... e6 9. c4 b6 10. Qe2 Bb7 11. Rfd1 Qe7 12. Rac1 Rfd8 13. Ba3 Rac8 14. cxd5 Nxd5 15. Ba6 Bxa6 16. Qxa6 {1-0 (53) Nakamura,H (2786)-Caruana,F (2802) chess.com INT 2017}) 9. Ne5 (9. a4 $11) 9... Nxe5 $17 10. dxe5 Ng4 {Black is better.} 11. Nf3 {[#]} Qc7 $1 12. Qe2 $146 ({Predecessor:} 12. c4 dxc4 13. Bxc4 Bb7 14. Qe2 {0-1 (46) Hogea,C (2122)-Itkis,B (2350) Slanic Moldova 2017}) 12... Nxe5 13. Nxe5 Bxe5 14. Bxe5 Qxe5 15. f4 Qc3 16. f5 (16. Rad1 $17) 16... Bxf5 $19 17. Bxf5 gxf5 {[%cal Bg6f5,Bf5e4][%mdl 32]} 18. Rad1 e6 19. Rd3 Qe5 20. e4 $2 (20. Qh5 {was necessary.}) 20... fxe4 21. Rg3+ Kh8 22. Rh3 f5 23. Qh5 {[%csl Gh3][%cal Rh5h7]} Qg7 24. Rf4 Rg8 {[%csl Gg8][%cal Rg7g2]} 25. g3 Qg6 26. Rfh4 {[%cal Rh5h7]} Qxh5 27. Rxh5 {[%csl Gh3][%cal Rh5h7][%mdl 4096] Endgame KRR-KRR} Rg7 28. Rh6 Re7 29. Rf6 Kg7 30. Rhh6 Rae8 31. h3 d4 32. Kf2 b5 33. Ke2 c4 {[%cal Bc5c4,Bc4d3][%mdl 32]} 34. g4 {[#]} f4 $1 35. g5 (35. Rxf4 Kxh6) 35... e5 36. Rc6 d3+ 37. cxd3 cxd3+ 38. Kd2 Rd8 39. Rhd6 Rxd6 40. Rxd6 Rc7 {Accuracy: White = 24%, Black = 89%.} 0-1

[Event "Moscow Open-F 2019"]
[Site "Moscow"]
[Date "2019.01.27"]
[Round "3"]
[White "Nyudleev, Dolgan"]
[Black "Tekeyev, Zaur"]
[Result "1-0"]
[WhiteElo "2333"]
[BlackElo "2392"]
[Annotator "TA"]
[PlyCount "140"]
[EventDate "2019.01.26"]
[EventType "swiss"]
[EventCountry "RUS"]
[SourceTitle "playchess.com"]
[Source "ChessBase"]
[SourceQuality "1"]

{[%evp 18,140,39,39,27,27,29,29,20,32,28,28,34,33,28,0,0,0,0,-8,-19,-16,-11,-46,-33,-37,0,-10,0,4,40,-39,-38,-70,-64,-64,0,-48,-44,-44,-44,-107,-20,-12,2,0,0,0,0,0,25,21,45,47,93,93,86,89,114,102,124,97,99,90,94,13,14,14,46,52,78,11,37,14,14,14,16,20,27,8,6,8,5,0,8,0,0,0,12,11,33,33,33,33,29,38,39,8,100,100,100,100,101,133,441,469,449,349,387,374,341,54,46,8,8,9,137,137,334,310,11468,12793,5635,5600,29987]} 1. e4 c5 2. Nf3 Nc6 3. Bb5 g6 4. O-O Bg7 5. Re1 e5 6. Bxc6 dxc6 7. d3 Ne7 8. a3 {B31: Sicilian: 2...Nc6 3 Bb5 g6} (8. Be3 b6 9. h3 h6 10. c3 O-O 11. d4 exd4 12. cxd4 cxd4 13. Bxd4 c5 14. Bxg7 Qxd1 15. Rxd1 Kxg7 16. Nc3 Be6 17. Rd6 Rfc8 18. Ne5 g5 19. Rad1 Kf6 20. Ng4+ Kg7 21. Ne5 Kf6 22. Ng4+ Kg7 {½-½ (22) Abasov,N (2509)-Miroshnichenko,E (2618) Al Ain 2014}) 8... a5 9. Be3 b6 10. Nbd2 {LiveBook: 6 Games. White is slightly better.} Qc7 11. b4 axb4 12. axb4 Rxa1 13. Qxa1 cxb4 14. Qa4 O-O 15. Qxb4 c5 {[#]} 16. Qb2 $146 Be6 17. Rb1 Rb8 18. Ng5 Bd7 19. Qb3 Be8 20. Nc4 b5 21. Nd2 {[%cal Bc4d2,Bd2b3,Bb3c5,Bc5a6][%mdl 32]} Rc8 22. Ra1 h6 23. Ngf3 Kh7 24. Qa2 (24. c4 $14) 24... f5 $15 25. Nb3 c4 26. Nc5 Bf7 (26... Qd6 $15 27. Nb7 Qb8) 27. Qa7 Nc6 28. Qxc7 Rxc7 29. dxc4 (29. Ra8 $15) 29... bxc4 (29... Nd4 $1 $17 30. exf5 gxf5 31. Bxd4 exd4) 30. c3 $11 Bf8 (30... f4 {feels hotter.} 31. Na6 Rc8 32. Bc5 Ra8 33. Ra3 g5) 31. Na6 Rc8 32. Bc5 Bg7 33. Nb4 Nd8 (33... fxe4 $5 34. Nd2 $8 Nxb4 35. Bxb4 Bd5 $11) 34. Bd6 fxe4 35. Nxe5 Bxe5 36. Bxe5 g5 37. Ra7 Kg6 38. h3 Rc5 39. Bd4 Rb5 40. Rd7 Ne6 41. Nc6 (41. Rd6 $16) 41... Nxd4 42. Rxd4 {[%mdl 4096] Endgame KRB-KRN} Rc5 43. Rd6+ Kg7 44. Nd4 ({Better is} 44. Nd8 $1 $16) 44... Re5 45. g4 Bg6 46. Rd7+ Kf6 47. Nc2 Ra5 48. Ne3 Ra3 49. Rd6+ Kg7 50. Rd7+ Kf6 51. Rc7 Bf7 52. Rc6+ Be6 53. Nf5 {Nd4 is the strong threat.} Ke5 54. Rc5+ Kf6 55. Nd6 e3 56. fxe3 Ra2 57. Nxc4 h5 (57... Re2 $11 {remains equal.}) 58. gxh5 $16 {Strongly threatening Nd6.} Bxh3 59. h6 {[%cal Bh5h6,Bh6h7][%mdl 32]} Kg6 60. Rc6+ Kh5 $2 {[%mdl 8192]} (60... Kh7 $16 {is tougher.}) 61. h7 $18 Ra8 62. Ne5 Rh8 63. Rc7 Bf5 {[#]} 64. c4 $2 ({White must play} 64. Rf7 $1 $18 {[%cal Rf7f5]} Bxh7 65. Rf2) 64... Bxh7 $14 65. c5 {[%cal Bc4c5,Bc5c6,Bc6c7][%mdl 32] And now Ra7 would win.} Be4 66. Re7 {Hoping for c6.} Rc8 {[#]} (66... Ra8 $11 {keeps the balance.}) 67. c6 $1 $16 {[%mdl 512]} g4 $2 (67... Ra8 $16 68. c7 Ra1+ 69. Kf2 Rc1) (67... Bxc6 68. Rh7#) 68. c7 $18 g3 $2 {[#]} (68... Ra8 69. Nc4 Bb7) 69. Nc4 $1 {[%cal Rc4d6]} Bf3 70. Nb6 Ra8 {Accuracy: White = 53%, Black = 39%.} 1-0

[Event "Moscow Open-F 2019"]
[Site "Moscow"]
[Date "2019.01.27"]
[Round "3"]
[White "Aleksandrovskiy, Dmitriy"]
[Black "Smirnov, Timofey"]
[Result "1/2-1/2"]
[WhiteElo "2299"]
[BlackElo "2347"]
[Annotator "TA"]
[PlyCount "81"]
[EventDate "2019.01.26"]
[EventType "swiss"]
[EventCountry "RUS"]
[SourceTitle "playchess.com"]
[Source "ChessBase"]
[SourceQuality "1"]

{[%evp 19,81,0,0,0,0,0,0,-58,-54,-33,-39,-33,-54,-52,-44,-59,0,0,0,0,0,0,0,0,0,-10,0,0,0,0,0,-5,0,0,26,22,23,25,31,31,31,32,29,27,52,52,53,53,49,32,39,14,12,0,0,0,0,0,0,0,0,0,0,0]} 1. e4 c5 2. Nf3 d6 3. d4 cxd4 4. Nxd4 Nf6 5. f3 e5 6. Bb5+ Nbd7 7. Nf5 a6 8. Bxd7+ Qxd7 9. Bg5 {B55: Sicilian: 2...d6 3 d4 cxd4 4 Nxd4 Nf6 5 f3} d5 10. Bxf6 gxf6 {LiveBook: 9 Games} 11. Nc3 dxe4 (11... Bb4 12. O-O Bxc3 13. bxc3 dxe4 14. fxe4 Qxd1 15. Raxd1 Be6 16. Rd6 Rd8 17. Rb6 {½-½ (17) Varga,Z (2479)-Kovacevic,A (2585) Sibenik 2008}) 12. Nd5 $146 ({Predecessor:} 12. fxe4 Qxd1+ 13. Kxd1 Be6 14. Nd5 O-O-O 15. c4 Rg8 16. Ng3 h5 {1-0 (69) Secer,A (2325)-Apaydin,F (2179) Konya 2010}) 12... Qc6 13. Nfe3 (13. Ng3 $11) 13... Bc5 $15 14. fxe4 Bxe3 $1 15. Nxe3 Qxe4 16. Qd2 Be6 17. O-O Qd4 (17... Rd8 $15 18. Qc3 Qd4 19. Qxd4 exd4) 18. Qxd4 $11 exd4 19. Nf5 O-O-O 20. Rad1 d3 21. cxd3 Bxa2 22. Ng3 Bb3 23. Rd2 Rd4 24. Rxf6 Rhd8 25. Rf3 b5 26. Kf2 Bc4 {[%cal Rd4d3]} 27. Rc2 Rxd3 {[#] White must now prevent ...Rd2+.} 28. b3 $1 {[%cal Rb3c4]} Rd2+ 29. Rxd2 Rxd2+ 30. Ke1 Rxg2 {Strongly threatening ...Bd5.} 31. bxc4 Rxh2 32. cxb5 axb5 33. Rxf7 $14 {[%mdl 4096] Endgame KRN-KR} b4 34. Rf3 Kc7 35. Rb3 Rh3 {The position is equal.} 36. Rxb4 Rxg3 37. Rh4 Kc6 38. Rxh7 Rg5 39. Rh2 Re5+ 40. Re2 Rxe2+ 41. Kxe2 {Accuracy: White = 75%, Black = 58%.} 1/2-1/2

[Event "Moscow Open-F 2019"]
[Site "Moscow"]
[Date "2019.01.27"]
[Round "3"]
[White "Thing, Bibek"]
[Black "Kuzub, Pavel"]
[Result "1-0"]
[WhiteElo "2264"]
[BlackElo "1976"]
[Annotator "TA"]
[PlyCount "35"]
[EventDate "2019.01.26"]
[EventType "swiss"]
[EventCountry "RUS"]
[SourceTitle "playchess.com"]
[Source "ChessBase"]
[SourceQuality "1"]

{[%evp 9,35,6,13,7,13,22,28,6,79,26,115,112,93,67,90,74,113,16,112,114,579,572,874,860,864,834,1087,819]} 1. e4 {[%cal Be2e4,Be4e5][%mdl 32]} c5 2. c3 Nf6 3. e5 Nd5 4. g3 Nc6 (4... d6 5. exd6 e6 6. Bg2 Bxd6 7. Nf3 Nc6 8. O-O O-O 9. d4 cxd4 10. Nxd4 Nxd4 11. Qxd4 Qc7 12. Nd2 Rd8 13. Qc4 Bc5 14. Qe2 Bd7 15. Nb3 Bf8 16. c4 Nb4 17. Bf4 Qc8 18. Na5 Nc6 19. Nxc6 Bxc6 20. Rfd1 Bxg2 21. Rxd8 Qxd8 22. Kxg2 a6 23. Rd1 Qe8 24. Qe4 b5 25. Bd6 bxc4 26. Bxf8 Qxf8 27. Kf3 {½-½ (27) Marcelin,C (2462)-Van Wely,L (2667) Brest 2018}) 5. Bg2 Nb6 6. Nf3 {B22: Sicilian: 2 c3} d5 7. exd6 Qxd6 8. O-O {White has an edge.} g6 (8... Bg4 $11) 9. Na3 $146 (9. d4 $16) ({Predecessor:} 9. d4 cxd4 10. Bf4 Qd8 11. Ne5 Nxe5 12. Bxe5 {0-1 (87) Von Wantoch Rekowski,D (2095)-Atalik,E (2270) Tallinn 1997}) 9... Be6 (9... Bg4 $11 {remains equal.}) 10. d4 $16 cxd4 11. Nb5 Qd7 12. Nfxd4 {[#] Strongly threatening Bf4.} Bd5 13. Bf4 (13. Bh3 $16 Qxh3 14. Nc7+ Kd7 15. Nxd5 Nxd5 16. Nb5) 13... Rc8 (13... O-O-O $1 $11) 14. Re1 $36 {[%mdl 2048] White has strong initiative.} Bxg2 $4 {[%mdl 8192]} (14... e6 $16 {is a better chance.}) 15. Nd6+ $1 $18 {White is clearly winning.} (15. Kxg2 e6 $16) 15... Kd8 16. Nxf7+ Ke8 17. Nd6+ $1 ({Weaker is} 17. Nxh8 Bd5 $18) 17... Kd8 18. Ne6+ {Precision: White = 53%, Black = 15%.} 1-0

[Event "Moscow Open-F 2019"]
[Site "Moscow"]
[Date "2019.01.27"]
[Round "3"]
[White "Teiitbaev, Aktilek"]
[Black "Mamedov, Vusal"]
[Result "1-0"]
[WhiteElo "2229"]
[BlackElo "2000"]
[Annotator "TA"]
[PlyCount "111"]
[EventDate "2019.01.26"]
[EventType "swiss"]
[EventCountry "RUS"]
[SourceTitle "playchess.com"]
[Source "ChessBase"]
[SourceQuality "1"]

{[%evp 14,111,34,36,41,31,36,35,46,43,29,29,54,37,42,46,49,68,92,102,192,205,186,175,237,254,235,236,195,169,168,164,164,162,145,-140,-141,-139,-139,-139,-139,-139,-139,-159,-184,-189,-172,-302,-299,-288,-80,-79,0,0,0,0,0,0,0,-5,0,0,0,-34,-8,-16,85,36,64,-659,425,425,425,410,411,411,411,382,427,476,467,390,433,447,540,532,835,820,752,685,872,819,29977,29979,29978,29980,29979,29977,29990,29991]} 1. e4 c5 2. Nf3 d6 3. d4 cxd4 4. Nxd4 Nf6 5. Nc3 a6 6. Bc4 b5 7. Bb3 Bb7 8. O-O g6 {B90: Sicilian Najdorf: Unusual White 6th moves, 6 Be3 Ng4 and 6 Be3 e5} (8... Nbd7 9. Bg5 e6 10. Re1 h6 11. Bxf6 Nxf6 12. Qd3 Nd7 13. Qh3 Nc5 14. Bd5 exd5 15. exd5+ Be7 16. Nf5 Bc8 17. Nxe7 Bxh3 18. Nc6+ Kd7 19. Nxd8 Rhxd8 20. gxh3 {0-1 (41) Grandelius,N (2642)-Jobava,B (2698) Sweden 2016}) 9. Re1 Bg7 10. a4 b4 {White is slightly better.} 11. Nd5 Nxd5 12. exd5 $146 ({Predecessor:} 12. Bxd5 Bxd5 13. exd5 O-O 14. Bg5 Re8 15. Qd2 Qb6 16. Rad1 Qb7 17. Qf4 Be5 18. Qh4 Qxd5 19. Bh6 g5 {½-½ (19) Galic,I (2386)-Bozinovic,B (2223) Split 2015}) 12... O-O 13. Bg5 $36 {[%mdl 2048] White is pushing.} Qb6 14. Be3 Qc7 15. Qd2 a5 16. Bh6 {Hoping for Bxg7.} Re8 (16... Bf6 $16) 17. Bxg7 $18 Kxg7 18. Qg5 {And now Nf5+ would win.} Kh8 (18... Bc8 $142 19. Re4 h6) 19. Re3 Qd8 20. Qh6 {White threatens Rh3 and mate.} Nd7 21. Rae1 {Strongly threatening Nc6.} ({But not} 21. Rh3 $6 Nf6 $14) 21... Nf6 22. Qg5 Ng8 23. Qf4 Rf8 24. Rxe7 $2 {[%mdl 8192]} (24. g3 $16 {stays on course.}) 24... Nxe7 $17 25. Qf6+ Kg8 26. Rxe7 {[#]} Qxe7 $1 {[%mdl 512]} 27. Qxe7 Rfe8 28. Qxe8+ Rxe8 {[%cal Re8e1][%mdl 4096] Endgame KRB-KBN} 29. f3 Re5 30. Nb5 (30. f4 $142 Re1+ 31. Kf2) 30... Bxd5 $19 31. f4 {[#]} Re1+ $2 (31... Bxb3 $1 $19 {[%mdl 512] and Black stays clearly on top.} 32. fxe5 (32. cxb3 Rd5) 32... Bxa4 33. Nxd6 Bxc2) 32. Kf2 $17 {[#]} Rd1 (32... Bxb3 $1 $17 {[%mdl 512]} 33. Kxe1 (33. cxb3 Rb1) 33... Bxa4 34. Nxd6 Bxc2) 33. Ke2 $11 {[#]} Bxb3 $1 {[%mdl 512]} 34. Kxd1 (34. cxb3 Rb1) 34... Bxa4 35. Nxd6 {KB-KN} Bc6 36. g3 Kf8 37. Nc4 a4 $1 38. Ne5 Bb5 39. c3 b3 (39... bxc3 $11 40. bxc3 f6) 40. Kd2 f6 41. c4 $2 {[%mdl 8192] [#]} (41. Ng4 $14) 41... Ba6 $4 {[%mdl 8192]} (41... a3 $1 $19 {[%cal Ra3b2] avoids the disaster.} 42. Nxg6+ hxg6 43. bxa3 Bxc4) 42. Nd7+ $18 Ke7 43. Nb6 Kd6 44. Kc3 a3 45. bxa3 b2 46. Kxb2 Kc5 47. Nd7+ {[%mdl 64] Double Attack} Kxc4 48. Nxf6 h6 49. Ng4 h5 50. Ne5+ Kd4 51. Nxg6 Ke3 52. Kc3 Kf3 53. f5 {[%cal Bf4f5,Bf5f6][%mdl 32] White mates.} Bc8 54. f6 Be6 55. a4 Kg2 56. Nf4+ {[%mdl 64] Double Attack. Accuracy: White = 55%, Black = 47%.} 1-0

[Event "Moscow Open-F 2019"]
[Site "Moscow"]
[Date "2019.01.27"]
[Round "3"]
[White "Mamatov, Melis"]
[Black "Rudometov, Maxim"]
[Result "1/2-1/2"]
[WhiteElo "2203"]
[BlackElo "2265"]
[Annotator "TA"]
[PlyCount "131"]
[EventDate "2019.01.26"]
[EventType "swiss"]
[EventCountry "RUS"]
[SourceTitle "playchess.com"]
[Source "ChessBase"]
[SourceQuality "1"]

{[%evp 15,131,36,45,44,66,18,29,39,55,54,63,39,54,15,41,2,6,1,40,30,35,8,7,10,42,36,50,21,36,26,32,4,0,0,34,0,29,35,35,35,24,21,25,19,14,0,29,11,12,12,16,16,92,85,101,101,101,101,101,100,100,100,104,104,108,105,101,101,101,101,101,101,101,101,127,69,121,119,182,178,182,161,204,145,138,138,138,138,165,108,170,117,109,104,262,72,64,64,185,187,195,195,195,195,195,202,267,267,276,283,284,75,136,143,143,8,88,95]} 1. e4 e6 2. d4 d5 3. Nd2 a6 4. Ngf3 c5 5. exd5 exd5 6. dxc5 Bxc5 7. Bd3 Ne7 8. O-O O-O 9. Nb3 {C08: French Tarrasch: 3...c5 4 exd5 exd5 sidelines} Ba7 10. Bf4 (10. Re1 Nbc6 11. Be3 Bxe3 12. Rxe3 Ng6 13. c3 Nf4 14. Bf1 Bg4 15. Qd2 Qd6 16. Nfd4 Bd7 17. Rae1 Rfe8 18. Nf5 Qc7 19. Rxe8+ Rxe8 20. Rxe8+ Bxe8 {1-0 (66) Vera Siguenas,D (2458)-Ruiz Castillo,J (2365) Bogota 2014}) 10... Nbc6 11. Re1 {White has an edge.} Nf5 12. c3 h6 13. Rc1 $146 ({Predecessor:} 13. h3 Nh4 14. Bg3 Nxf3+ 15. Qxf3 Be6 16. Rad1 {1-0 (34) Sharp,N (2178)-Zissos,A (2144) Edmonton & Calgary 1986}) 13... Qf6 14. Qd2 Be6 15. Bxf5 Bxf5 16. Nfd4 ({Not} 16. Qxd5 $2 Rfd8 $19) 16... Rac8 17. Nxf5 Qxf5 18. Rcd1 Rfd8 19. Be3 Bb8 20. Nd4 Qh5 21. Nf3 Na5 22. b3 Nc6 23. Bf4 Ba7 24. Be3 Bb8 25. Bf4 Qf5 26. Bxb8 Rxb8 27. Qd3 Qf6 28. Re2 Rbc8 29. h3 b5 30. Red2 b4 31. c4 ({Wrong is} 31. Qxa6 $2 bxc3 32. Rc2 d4 $19) 31... dxc4 32. Qxc4 Rxd2 33. Rxd2 Qc3 (33... a5 $1 $11) 34. Qxa6 Ne5 35. Nxe5 Qa1+ {[#]} 36. Kh2 $1 Qxe5+ $16 {[%mdl 4096] Endgame KQR-KQR} 37. g3 Rc1 38. Rd8+ Kh7 39. Qd3+ $40 {[%mdl 128] White has strong attack.} g6 {( -> ...Qe1)} 40. Qd4 Qxd4 41. Rxd4 {KR-KR} Rc2 42. Kg2 ({Much worse is} 42. Rxb4 $6 Rxf2+ 43. Kg1 Rxa2 $11) 42... Rxa2 43. Rxb4 Rb2 44. Rb6 h5 45. Kf3 (45. h4 $16) 45... Kg7 (45... g5 $14) 46. h4 Rb1 (46... Kf8 $16 47. Ke3 Ke7) 47. b4 $18 Rb2 48. b5 Rb4 49. Rb7 Kf6 50. b6 Ke6 51. Ke3 Rb3+ 52. Kf4 ({Better is} 52. Kd4 $18) 52... Kf6 {[#]} (52... Rb5 $16 53. Ke3 Rb4) 53. Rb8 (53. Ke4 $1 $18) 53... Rb4+ $16 54. Ke3 Rb2 $2 (54... Ke5 $16 {keeps fighting.}) 55. b7 $2 (55. Kd4 $18 {is more deadly.}) 55... Kf5 56. f3 $1 Rb3+ ({Black should try} 56... Rb1 $1 $14 57. g4+ Kf6) 57. Kd4 $18 Rb1 58. Kd5 Kf6 59. Kc6 Rc1+ 60. Kd6 Rd1+ 61. Kc7 Rc1+ 62. Kd8 Rb1 63. Ke8 $2 (63. Kc8 $18 {has better winning chances. Ra8 is the strong threat.} Rc1+ 64. Kd7) 63... Kg7 $16 64. Ke7 Rb2 65. f4 (65. Kd6 $16) 65... Rb1 $11 66. Kd6 {Accuracy: White = 44%, Black = 57%.} 1/2-1/2

[Event "Moscow Open-F 2019"]
[Site "Moscow"]
[Date "2019.01.27"]
[Round "3"]
[White "Ufimtsev, Egor"]
[Black "Borisov, Mark V."]
[Result "1-0"]
[WhiteElo "2160"]
[BlackElo "1931"]
[Annotator "TA"]
[PlyCount "30"]
[EventDate "2019.01.26"]
[EventType "swiss"]
[EventCountry "RUS"]
[SourceTitle "playchess.com"]
[Source "ChessBase"]
[SourceQuality "1"]

{[%evp 1,1,6]} 1. c4 {Predecessor:} e5 $146 2. Nc3 Nf6 3. Nf3 Nc6 4. e4 Bc5 5. Nxe5 Nxe5 6. d4 Bb4 7. dxe5 Nxe4 8. Qf3 Nxc3 9. bxc3 Be7 10. Qg3 g6 11. Bh6 d6 12. Be2 Be6 13. Rd1 Qd7 14. exd6 cxd6 15. O-O O-O-O {1-0 (24) Carlsen,M (2835)-Giri,A (2783) St Petersburg 2018} 1-0